000 00309nam a22001337a 4500
008 170619b xxu||||| |||| 00| 0 eng d
020 _a9780321097019
041 _aeng
080 _26 ED
_a32
100 _a20
101 _aSHP
245 _aTHE STRUGGLE FOR DRMOCRACY
_cGREENBERG.E.S
942 _2udc
_cBK
999 _c17997
_d17997